| 000 | 00000nam##2200000za#4500 |
| 001 | 9.663017 |
| 003 | CaOODSP |
| 005 | 20210921095712 |
| 007 | ta |
| 008 | 150407|2001||||xxc||||| f|0| 0 eng|d |
| 020 | |a0-662-65937-6 |
| 040 | |aCaOODSP|beng |
| 041 | |aeng |
| 041 | |afre |
| 043 | |an-cn--- |
| 086 | 1 |aRG23-95/2001 |
| 110 | 1 |aCanada. |bOffice of Consumer Affairs. |
| 245 | 10|aShopping safely online |
| 260 | |aOttawa - Ontario : |bIndustry Canada. |c2001. |
| 546 | |aBilingual |
| 563 | |aPamphlet |
| 590 | |a01-50|b2001-12-14 |
| 690 | 07|aElectronic commerce|2gcpds |
| 776 | 0#|tPour magasiner en ligne en toute sécurité |w(CaOODSP)9.642293 |
| 776 | 0#|tShopping safely online |w(CaOODSP)9.698281 |
| 792 | |tPour magasiner en ligne en toute sécurité |efre|w(CaOODSP)9.663018 |